Zóna

Bibliographic Details
Main Author: Majling, Daniel, 1980- (Author, Illustrator)
Other Authors: Kavalír, Ondřej, 1980- (Translator)
Format: Book
Language:Czech
Slovak
PhysicalDescription:174 strán ilustrácie 25 cm
Published: V Praze Labyrint 2020
ISBN:9788088378006
Edition:1. české vydání
Series:Labyrint komiks
Subjects:

MARC

LEADER 00000nam a2200000 4500
001 vtls012252643
003 SK-MaSNL
005 20260301163404.0
008 240313s2020 xr a g 6 000 c cze
020 |a 9788088378006  |q (brožované) 
040 |a SNK  |b slo  |c SNK  |e rda 
041 1 |a cze  |h slo 
044 |a xo  |c SK 
072 7 |a 741.52  |x Komiksy. Komiksové adaptácie  |2 konspekt 
080 |a 741.52(0:82-321.5)  |2 2011 
080 |a 741.52(0:82-322.4)  |2 2011 
100 1 |a Majling, Daniel,  |d 1980-  |4 aut  |4 ill  |9 169480 
245 1 0 |a Zóna  |c Daniel Majling ; ze slovenštiny přeložil - Ondřej Kavalír 
250 |a 1. české vydání 
264 1 |a V Praze  |b Labyrint  |c 2020 
300 |a 174 strán  |b ilustrácie  |c 25 cm 
336 |a text  |b txt  |2 rdacontent 
336 |a statický obraz  |b sti  |2 rdacontent 
337 |a bez média  |b n  |2 rdamedia 
338 |a zväzok  |b nc  |2 rdacarrier 
490 1 |a Labyrint komiks  |v Svazek 20 
500 |a Obsahuje životopisné a profesijné údaje o autorovi 
500 |a Preložené zo slovenčiny 
655 7 |a humoristické komiksy  |2 SNKPH  |9 363324 
655 7 |a trilery (komiksy)  |2 SNKPH  |9 211920 
655 7 |a Humorous comics  |2 SNKPHeng  |9 363325 
655 7 |a Thriller comics  |2 SNKPHeng  |9 433324 
700 1 |a Kavalír, Ondřej,  |d 1980-  |4 trl  |9 428832 
830 0 |a Labyrint komiks  |9 529295 
852 |a Slovenská národná knižnica 
919 |a 978-80-88378-00-6 
954 |a ilustrované knihy, leporelá, komiksy pôvodné (slovenské)  |2 lita 
958 |a LX 
958 |a ZS 
958 |a UP 
999 |c 816913  |d 818843 
952 |a SNK  |b SNK  |y NEVYP  |7 1  |p 17A1566417  |o snkSC 210722  |i snk2025/7981  |8 4  |g 13.29  |0 0  |1 0  |4 0  |d 2024-03-13  |l 0  |r 2026-02-24 02:54:17  |w 2026-02-24